| 000 | 00000nas 2200000za 4500 |
| 001 | 9.836869 |
| 003 | CaOODSP |
| 005 | 20221107151012 |
| 007 | cr ||||||||||| |
| 008 | 170517u2011uuuuonc x m o f0###|0eng|d |
| 022 | |y0821-1027 |
| 040 | |aCaOODSP|beng |
| 043 | |an-cn--- |
| 086 | 1 |aR61-2/9E-PDF |
| 130 | 0 |aStudies in archaeology, architecture and history. |
| 245 | 10|aStudies in archaeology, architecture and history |h[electronic resource]. |
| 260 | |a[Ottawa] : |bNational Historic Sites, Parks Canada, |cc1983-1996? |
| 310 | |aIrregular |
| 500 | |aIssued also in French under title: Études en archéologie, architecture et histoire. |
| 500 | |aRe-published historical publications produced by Parks Canada. |
| 692 | 07|2gccst|aHistoric sites |
| 710 | 2 |aParks Canada. |
| 775 | 08|tÉtudes en archéologie, architecture et histoire |w(CaOODSP)9.836872 |
| 776 | 0#|tStudies in archaeology, architecture and history.|w(CaOODSP)9.514872 |